| 000 | 00000nam##2200000za#4500 |
| 001 | 9.664675 |
| 003 | CaOODSP |
| 005 | 20210615121753 |
| 007 | ta |
| 008 | 150407|2005||||xxc||||| f|0| 0 eng|d |
| 020 | |a0-660-62338-2 |
| 040 | |aCaOODSP|beng |
| 041 | |aeng |
| 041 | |afre |
| 043 | |an-cn--- |
| 086 | 1 |aA22-307/2005 |
| 110 | 1 |aCanada. |bAgriculture and Agri-Food Canada. |
| 245 | 10|aOur strawberries |
| 260 | |aOttawa - Ontario : |bAgriculture and Agri-Food Canada |c2005. |
| 300 | |a551p. : |billus. (some coloured), references, tables, photographs, index ; |c28 cm. |
| 500 | |a"A description of over 170 strawberry cultivars including photographs of the plants, fruits, flowers, pollen and leaves". |
| 520 | 3 |aOur Strawberries is a very comprehensive illustrated book of strawberry varieties. It describes over 170 strawberry varieties using information collected during 1989-2004 from the Agriculture and Agri-Food Canada experimental growing sites in L’Acadie (Quebec); it also includes some information gathered from the published scientific literature for comparison with those collected locally. The book is a valuable reference for strawberry breeders, scientists interested in strawberry culture, extensionists, growers, and home gardeners. |
| 563 | |aHardcover |
| 590 | |a05-34|b2005-08-26 |
| 776 | 0#|tLes fraisiers de chez nous |w(CaOODSP)9.676782 |
| 792 | |tLes fraisiers de chez nous |efre|w(CaOODSP)9.664676 |